000 00386 a2200157 4500
001 179605
020 _a
040 _cMagnum
100 _aCoelho, Ronaldo Simões
240 1 0 _aO gato tinha engolido a maquina de escrever
_lpor
245 1 0 _aO gato tinha engolido a maquina de escrever
362 0 _a1899
440 1 _a
697 _aMAGNITO: IJ/FADAS, FANTASIA
942 _cBK
999 _c179605
_d179605